| 000 | 00615 a2200205 4500 | ||
|---|---|---|---|
| 005 | 20240429171555.0 | ||
| 010 | _aB-758812-817 | ||
| 020 |
_a9280635743 _c0.00 |
||
| 035 | _aB-758812-817 | ||
| 037 | _bGift/Unesco | ||
| 082 | _a362.880954 | ||
| 100 |
_aHayward, Ruth Finney _965191 |
||
| 245 |
_aBreaking the Earthenware Jar/ _cRuth Finney Hayward |
||
| 260 |
_aSouth Asia _bUnicef _c2000 |
||
| 270 | _aSouth Asia | ||
| 300 |
_a426p.; _c24cm. (pbk) _bBibliography |
||
| 500 | _aIndex | ||
| 942 |
_adpl _cEN _2ddc _h362.880954 _mHAY |
||
| 999 |
_c202414 _d202414 |
||